| 000 | 00390nam a22001457a 4500 | ||
|---|---|---|---|
| 999 |
_c15562 _d15562 |
||
| 003 | OSt | ||
| 008 | 190516b ||||| |||| 00| 0 eng d | ||
| 020 | _a9789386546203 | ||
| 082 |
_a634 _bBAL/FR |
||
| 245 | _aFruit Science Culture & Technology Vol.2 : Tropical Fruits | ||
| 260 |
_aNew Delhi _bNew India Publishing Agency _c2018 |
||
| 300 | _a342 p | ||
| 700 |
_aBal, J S _94045 |
||
| 942 | _cBK | ||